| 000 | 00531nam a2200193Ia 4500 | ||
|---|---|---|---|
| 999 |
_c11305 _d11305 |
||
| 003 | OSt | ||
| 005 | 20191228112031.0 | ||
| 008 | 190216s9999||||xx |||||||||||||| ||und|| | ||
| 020 | _a9788182811188 | ||
| 040 | _coclc | ||
| 082 |
_a330.015195 _bUPE/A |
||
| 100 |
_aUpender, M _9882 |
||
| 245 | 0 |
_aApplied Econometrics / _cM Upender |
|
| 250 | _a3rd ed. | ||
| 260 |
_bVrinda Publications, _c2012. _aDelhi: |
||
| 300 | _a312p | ||
| 650 | _aEcnomics | ||
| 942 |
_cBK _2ddc _h330.015195 _iUPE/A _k330.015195 _mUPE/A |
||